000 00537nam a2200205Ia 4500
003 OSt
005 20250805120850.0
008 250729s2005 xx 000 0 und d
020 _a978-8171418398
040 _cAL
041 _aeng
082 _a372.8 LAKM
100 _aLakshmi Ghantha
_9220886
245 _aMethods of teaching environment science
260 _aNew Delhi
_bDiscovery Publishing House
_c2005
300 _a331p
650 _aEnviournment Science
_9220887
700 _aVenkata Shiva
_9220888
942 _2ddc
_cBED
999 _c234770
_d234770